000 00503nam a2200169Ia 4500
003 LDD
008 190117s9999 xx 000 0 und d
020 _c₹100
040 _cLDD
041 _ahi
082 _a8H3.7009 कौ 6426 हि
100 _aकौर, जोगेश
245 0 _aहिन्दी शोध संदर्भ और इतिहास
_cजोगेश कौर
260 _aदिल्ली
_bराजेश
_c1988
300 _a204प्र.
942 _2ddc
_cH
999 _c156757
_d156757